|
|
|
|
| LEADER |
01089nam a2200265 a 4500 |
| 001 |
GR-Antirio843 |
| 008 |
090528s2005 gr b 001 0 gre d |
| 020 |
|
|
|a 0471736104
|
| 040 |
|
|
|a GrPaTEI
|b gre
|c GR-PaULI
|
| 040 |
|
|
|a GrPaTEI
|b gre
|c GR-PaULI
|
| 040 |
|
|
|a GrPaTEI
|b gre
|c GR-PaULI
|
| 082 |
|
0 |
|a 530.12
|2 22
|
| 100 |
0 |
|
|a Stenholm, Stig
|
| 245 |
1 |
0 |
|a Quantum approach to informatics /
|c Stenholm, Stig , Suominen, Kalle-Antti.
|
| 260 |
|
|
|a Hoboken, N. J. :
|b Wiley-Interscience,
|c c 2005
|
| 300 |
|
|
|a xii. , 238 σ. :
|b εικ. ;
|c 24 εκ.
|
| 504 |
|
|
|a Περιλαμβάνει βιβλιογραφίες και ευρετήριο.
|
| 650 |
|
0 |
|a Computer science
|x Mathematics
|
| 650 |
|
0 |
|a QUANTUM COMPUTERS
|
| 653 |
|
|
|a QUANTUM THEORY--MATHEMATICS
|
| 700 |
0 |
|
|a Suominen, Kalle-Antti
|
| 942 |
|
|
|2 ddc
|
| 952 |
|
|
|0 0
|1 0
|2 ddc
|4 0
|6 530_120000000000000_STE
|7 0
|9 262315
|a LISK-2
|b LISK-2
|c BSC
|d 2021-01-17
|e 24
|f 0
|g 0.00
|l 0
|o 530.12 STE
|p 2430000007346
|r 2021-01-17 00:00:00
|t 1
|w 2021-01-17
|y BK15
|x 20090528 0 1
|x GrPaTEI - Antirrio
|
| 971 |
|
|
|a .b25706421
|b 01-10-20
|c 12-09-16
|
| 999 |
|
|
|c 151269
|d 151269
|